000 00296nam a22001337a 4500
008 181022b xxu||||| |||| 00| 0 eng d
020 _a9780023949319
041 _aeng
080 _26 ED
_a541
100 _a12
101 _aKIM
245 _aGeneral Chemistry
_cPtruucci.H
942 _2udc
_cBK
999 _c50505
_d50505